000 00946cam a2200277 i 4500
999 _c1471
_d1471
001 19185
003 BD-DhUAP
005 20220627133604.0
008 200208s2015 bg b 001 0 eng
020 _a98430000190832
040 _aDLC
_beng
_erda
_cDLC
_dBD-DhUAP
041 0 _aeng
_aben
082 _223
_a345.5402323 HAQ
100 1 _aHaque, Md. Azizul.
245 1 0 _aAnti-corruption laws in Bangladesh :
_ball amendments & recent rulings included /
_cJustice Md. Azizul Haque.
250 _a3rd ed.
260 _aDhaka :
_bUniversal Book House,
_cc2016.
300 _a327 pages ;
_c24 cm.
504 _aIncludes bibliographical references and index.
520 _aLaws on anti-corruption with latest amendments
546 _aIn English and Bengali.
650 0 _aPolitical corruption
_xLaw and legislation
_zBangladesh.
650 0 _aMisconduct in office
_zBangladesh.
650 0 _aPolitical corruption
_xPrevention.
942 _2ddc
_cBK